000 00308nam a2200133Ia 4500
100 _aLacy/ M
942 _cBK
654 _aComputer architecture
245 _aUnderstanding Computer System architecture
260 _bB.P.B. Pub
_aNew Delhi
_c1993
082 _a4.22
_bLAC
546 _aENGLISH
999 _c28085
_d28085